Central Library OPAC University of Rajshahi

আধুনিক বাংলা প্রয়োগ অভিধান / (Record no. 86240)

MARC details
000 -LEADER
fixed length control field 00797nam a2200229 a 4500
001 - CONTROL NUMBER
control field 86240
003 - CONTROL NUMBER IDENTIFIER
rucl marc code BD-RjUL
005 - DATE AND TIME OF LATEST TRANSACTION
control field 20260302124128.0
008 - FIXED-LENGTH DATA ELEMENTS--GENERAL INFORMATION
fixed length control field 260302s20232003ii ||||| |||| 00| 0 ben d
020 ## - INTERNATIONAL STANDARD BOOK NUMBER
International Standard Book Number 9788177563115
035 ## - SYSTEM CONTROL NUMBER
System control number (BD-RjUL)86240
040 ## - CATALOGING SOURCE
Original cataloging agency BD-RjUL
Language of cataloging eng
Transcribing agency BD-RjUL
041 ## - LANGUAGE CODE
Language code of text/sound track or separate title ben
082 ## - DEWEY DECIMAL CLASSIFICATION NUMBER
Edition number 23
Classification number 491.443
Author mark and year BHA 2023
100 ## - MAIN ENTRY--PERSONAL NAME
Personal name ভট্টাচার্য, সুভাষ
9 (RLIN) 7883
245 ## - TITLE STATEMENT
Title আধুনিক বাংলা প্রয়োগ অভিধান /
Statement of responsibility, etc. সুভাষ ভট্টাচার্য
260 ## - PUBLICATION, DISTRIBUTION, ETC. (IMPRINT)
Place of publication, distribution, etc. কলকাতা :
Name of publisher, distributor, etc. আনন্দ,
Date of publication, distribution, etc. ২০২৩
300 ## - PHYSICAL DESCRIPTION
Pagination ৩৫৮ পৃ.;
Size ২২ সেমি.
650 ## - SUBJECT ADDED ENTRY--TOPICAL TERM
Topical term or geographic name as entry element বাংলা অভিধান
9 (RLIN) 17846
Topical term or geographic name as entry element Bengali dictionary
9 (RLIN) 17847
942 ## - ADDED ENTRY ELEMENTS (KOHA)
Source of classification or shelving scheme Dewey Decimal Classification
Koha item type Books
Holdings
Lost status Source of classification or shelving scheme Damaged status Not for loan Collection code Permanent Location Current Location Shelving location Date acquired Source of acquisition Cost, normal purchase price Total Checkouts Full call number Date last seen Copy number Koha item type
  Dewey Decimal Classification   Not For Loan Non-fiction Central Library, University of Rajshahi Central Library, University of Rajshahi Reading Room 01/03/2026 Ommi Concept, Dhaka 545.00   B 491.443 BHA 2023 02/03/2026 C-1 Books
  Dewey Decimal Classification     Non-fiction Central Library, University of Rajshahi Central Library, University of Rajshahi General Stacks 01/03/2026 Ommi Concept, Dhaka 545.00   B 491.443 BHA 2023 02/03/2026 C-2 Books
  Dewey Decimal Classification     Non-fiction Central Library, University of Rajshahi Central Library, University of Rajshahi General Stacks 01/03/2026 Ommi Concept, Dhaka 545.00   B 491.443 BHA 2023 02/03/2026 C-3 Books
  Dewey Decimal Classification     Non-fiction Central Library, University of Rajshahi Central Library, University of Rajshahi General Stacks 01/03/2026 Ommi Concept, Dhaka 545.00   B 491.443 BHA 2023 02/03/2026 C-4 Books
  Dewey Decimal Classification     Non-fiction Central Library, University of Rajshahi Central Library, University of Rajshahi General Stacks 01/03/2026 Ommi Concept, Dhaka 545.00   B 491.443 BHA 2023 02/03/2026 C-5 Books